| 000 | 00725nmc a2200253 a 4500 | ||
|---|---|---|---|
| 003 | AR-BaBNM | ||
| 005 | 20251128211249.0 | ||
| 008 | 043020s1995 ||||||||||||||000 | spa|| | ||
| 020 | _a950-860-027-6 | ||
| 040 | _cAR-BaBNM | ||
| 100 | 1 | _aFilloy, Juan | |
| 245 | 1 | 0 |
_aDon Juan _bantología de Juan Filloy |
| 260 |
_aBuenos Aires _bEdiciones Instituto Movilizador de Fondos Cooperativos C.L. _c1995 |
||
| 300 | _a128 p. | ||
| 490 | 0 |
_aDesde la gente _vv. 82 |
|
| 504 | _aContiene referencias bibliográficas | ||
| 650 | 4 | _aLITERATURA ARGENTINA | |
| 650 | 4 | _aLITERATURA CONTEMPORANEA | |
| 650 | 4 | _aANTOLOGIAS | |
| 655 | _aLITERATURA | ||
| 700 | 1 |
_aGiardinelli, Mempo _ecompilador |
|
| 942 | _cBK | ||
| 998 | _cmartin | ||
| 999 |
_c18908 _d18908 |
||